[Event "33.Schlosspark-Open"]
[Site "Wiesbaden-Biebrich"]
[Date "2024.08.25"]
[Round "6.1"]
[White "Baranyai-Molnar, Adam-Kristof"]
[Black "Carow, Johannes"]
[Result "1/2-1/2"]
[WhiteElo "2133"]
[BlackElo "2465"]
[PlyCount "212"]
[EventDate "2024.08.22"]
[WhiteTeam "SF Neuberg"]
[BlackTeam "Sfr.Heidesheim"]

1. e4 c6 2. d4 d5 3. e5 c5 4. dxc5 e6 5. Qh5 g6 6. Qh3 Nd7 7. Nf3 Bg7 8. Nc3 a6 9. Bf4 h6 10. O-O-O Ne7 11. Bd3 Nxc5 12. Rhe1 Bd7 13. Kb1 b5 14. g4 b4 15. Ne2 a5 16. Ned4 Qb6 17. Qf1 Rb8 18. Nb3 Nxd3 19. Qxd3 a4 20. Nbd4 Rc8 21. h4 h5 22. gxh5 Rxh5 23. Bg5 Rc4 24. Qe3 Qc7 25. Nd2 Rc5 26. a3 bxa3 27. Qxa3 Bf8 28. c4 dxc4 29. Qxc5 Qxc5 30. Ne4 Qxe5 31. Nf6+ Qxf6 32. Bxf6 Nd5 33. Bg5 Bb4 34. Re2 Kf8 35. Nc2 Bc5 36. Ne3 Bxe3 37. fxe3 f6 38. Rxd5 exd5 39. Bxf6 Rf5 40. Bg5 Rf1+ 41. Ka2 Bf5 42. Ka3 Ra1+ 43. Kb4 Kf7 44. Rf2 Ke6 45. Bh6 a3 46. Bg7 Re1 47. Kxa3 Rxe3+ 48. Kb4 Re4 49. Rh2 Kf7 50. Bh8 Be6 51. Kc5 Kg8 52. Bf6 Bf7 53. Rh1 Rf4 54. Be5 Rf5 55. Kd4 Kh7 56. Rh2 Kh6 57. Bh8 Kh5 58. Be5 Kg4 59. Bd6 Rf3 60. Be5 Kf5 61. Bg7 Rf4+ 62. Kc5 Ke4 63. Bh6 Rf5 64. Re2+ Kf3 65. Rd2 Kg3 66. Bg5 Rf3 67. Kd4 Rb3 68. Ke5 Kg4 69. Rf2 Rb7 70. Rd2 Kh5 71. Rf2 Rd7 72. Kd4 Be6 73. Rf3 Bg4 74. Re3 Bf5 75. b4 cxb3 76. Rxb3 Be4 77. Rg3 Rf7 78. Ke5 Rf5+ 79. Kd4 Rf1 80. Ke5 Bh1 81. Rd3 Kg4 82. Rd4+ Be4 83. Rd2 Rf5+ 84. Kd4 Rxg5 85. hxg5 Kxg5 86. Ke5 Kh4 87. Rb2 g5 88. Rb3 Kg4 89. Rb8 Kg3 90. Kd4 g4 91. Ke3 Kh3 92. Rh8+ Kg2 93. Rg8 Bf3 94. Rg7 Kg3 95. Rh7 Bg2 96. Rh8 Bh3 97. Rh5 Bg2 98. Rh7 Be4 99. Rh8 Kg2 100. Rg8 Bf3 101. Rg7 Kg3 102. Rh7 Be4 103. Rh8 Bg2 104. Rh7 Bf3 105. Rh6 Kg2 106. Rg6 Kg3 1/2-1/2

[Event "33.Schlosspark-Open"]
[Site "Wiesbaden-Biebrich"]
[Date "2024.08.25"]
[Round "6.2"]
[White "Wolf, Ulrich Martin"]
[Black "Haack, Kevin"]
[Result "1-0"]
[WhiteElo "2189"]
[BlackElo "2306"]
[PlyCount "131"]
[EventDate "2024.08.22"]
[WhiteTeam "SK Bad Homburg 1927"]
[BlackTeam "SV 1920 Hofheim"]

1. g3 d5 2. Bg2 e5 3. c4 c6 4. Qb3 d4 5. d3 Bd6 6. Nf3 c5 7. O-O Nc6 8. e3 Nge7 9. exd4 cxd4 10. Re1 O-O 11. Nbd2 Kh8 12. a3 f6 13. Qc2 a5 14. b3 Qe8 15. Rb1 Qh5 16. Ne4 Bc7 17. b4 f5 18. Ned2 e4 19. b5 exf3 20. Bxf3 Qg6 21. bxc6 Nxc6 22. Rb5 h5 23. Qd1 h4 24. Bg2 Bd8 25. Nf3 Rb8 26. Bf4 Ra8 27. Ne5 Nxe5 28. Bxe5 Bf6 29. Rb6 Ra6 30. Rxa6 bxa6 31. Bd5 Bg5 32. Bxd4 f4 33. Qf3 Bf5 34. Be4 Bxe4 35. Rxe4 Rb8 36. g4 Qd6 37. Be5 Rb1+ 38. Kg2 Qxa3 39. Bxf4 Qf8 40. Qe3 Bxf4 41. Rxf4 Qa8+ 42. Kh3 Rb3 43. Qd4 a4 44. Rf7 Qg8 45. Ra7 Qf8 46. Rxa6 Qf3+ 47. Kxh4 Rxd3 48. Qc5 a3 49. Qc8+ Kh7 50. Qf5+ Qxf5 51. gxf5 Rf3 52. Kg4 Rxf2 53. Rxa3 Rc2 54. Ra4 Rxh2 55. Ra7 Rf2 56. c5 Rc2 57. Rc7 Rc4+ 58. Kg5 Kg8 59. f6 gxf6+ 60. Kxf6 Re4 61. Rc8+ Kh7 62. c6 Re1 63. Rd8 Rc1 64. Rd7+ Kh6 65. c7 Rc2 66. Ke7 1-0

[Event "33.Schlosspark-Open"]
[Site "Wiesbaden-Biebrich"]
[Date "2024.08.25"]
[Round "6.3"]
[White "Musiienko, Tymur"]
[Black "Hagner, Bennet"]
[Result "0-1"]
[WhiteElo "2093"]
[BlackElo "2311"]
[PlyCount "92"]
[EventDate "2024.08.22"]
[WhiteTeam "Wiesbadener SV 1885"]
[BlackTeam "OSG Baden-Baden"]

1. d4 Nf6 2. c4 e6 3. g3 d5 4. Nf3 dxc4 5. Bg2 a6 6. O-O b5 7. Ne5 Nd5 8. a4 Bb7 9. b3 c3 10. axb5 axb5 11. Rxa8 Bxa8 12. e4 b4 13. exd5 Bxd5 14. Bf4 Be7 15. Bxd5 Qxd5 16. Qf3 f6 17. Qxd5 exd5 18. Nf3 Kd7 19. Rc1 g5 20. Be3 Nc6 21. Nxc3 bxc3 22. Rxc3 Rb8 23. h4 h6 24. Rd3 Na5 25. Nd2 Ba3 26. Kg2 Bc1 27. Kh3 Bxd2 28. Rxd2 Rxb3 29. hxg5 hxg5 30. Kg4 Nc4 31. Re2 Nd6 32. f4 f5+ 33. Kxg5 Rb8 34. Bf2 Rf8 35. Kh4 Rh8+ 36. Kg5 Rh2 37. Kf6 Ne4+ 38. Kxf5 Nxg3+ 39. Bxg3 Rxe2 40. Bh4 c5 41. dxc5 d4 42. Bf6 d3 43. Bc3 Rc2 44. Bb4 d2 45. Bxd2 Rxd2 46. Kg6 Ke7 0-1

[Event "33.Schlosspark-Open"]
[Site "Wiesbaden-Biebrich"]
[Date "2024.08.25"]
[Round "6.4"]
[White "Kersten, Uwe"]
[Black "Sydykov, Bayastan"]
[Result "1-0"]
[WhiteElo "2179"]
[BlackElo "2282"]
[PlyCount "51"]
[EventDate "2024.08.22"]
[WhiteTeam "Sfr. Bad Emstal/Wolfhagen"]
[BlackTeam "SK 1858 Gießen"]

1. e4 e6 2. d4 d5 3. e5 c5 4. c3 Nc6 5. Nf3 Bd7 6. Be2 Nge7 7. Na3 cxd4 8. cxd4 Nf5 9. Nc2 Be7 10. Bd3 O-O 11. g4 Nh4 12. Nxh4 Bxh4 13. g5 Bxg5 14. Qh5 h6 15. Rg1 Bxc1 16. Rxc1 Kh8 17. Ke2 f5 18. Rxg7 Kxg7 19. Rg1+ Qg5 20. Rxg5+ hxg5 21. Qxg5+ Kh7 22. Ne3 Rg8 23. Qh4+ Kg7 24. Ng4 Kf8 25. Nf6 Rd8 26. Bb5 1-0

[Event "33.Schlosspark-Open"]
[Site "Wiesbaden-Biebrich"]
[Date "2024.08.25"]
[Round "6.5"]
[White "Kregelin, Jan"]
[Black "Lesny, Florian"]
[Result "0-1"]
[WhiteElo "2122"]
[BlackElo "2227"]
[PlyCount "76"]
[EventDate "2024.08.22"]
[WhiteTeam "FVS ASP Hoyerswerda"]
[BlackTeam "SK Bad Homburg 1927"]

1. d4 d5 2. c4 e6 3. Nc3 Nf6 4. cxd5 exd5 5. Bg5 Be7 6. e3 O-O 7. Bd3 h6 8. Bf4 c5 9. dxc5 Bxc5 10. Nge2 Nc6 11. O-O d4 12. exd4 Nxd4 13. Nxd4 Bxd4 14. Nb5 Bb6 15. Be2 Be6 16. Qxd8 Rfxd8 17. Rfd1 Ne4 18. Be3 Rxd1+ 19. Rxd1 Bxe3 20. fxe3 Bxa2 21. Ra1 Be6 22. Bf3 Bf5 23. Rxa7 Rxa7 24. Nxa7 Nd6 25. e4 Bxe4 26. Be2 Kf8 27. Nb5 Nxb5 28. Bxb5 Ke7 29. Bc4 f5 30. Kf2 Kd6 31. g3 Kc5 32. Be6 Kd4 33. Ke2 b5 34. Bb3 g5 35. Be6 b4 36. h4 gxh4 37. gxh4 Ke5 38. Bf7 Kf4 0-1

[Event "33.Schlosspark-Open"]
[Site "Wiesbaden-Biebrich"]
[Date "2024.08.25"]
[Round "6.6"]
[White "Nesar, Abdul Musawer"]
[Black "Surányi, Pál"]
[Result "1-0"]
[WhiteElo "2192"]
[BlackElo "2019"]
[PlyCount "75"]
[EventDate "2024.08.22"]
[WhiteTeam "Sfr Stiller Zug Wiesbaden"]
[BlackTeam "SV 03/25 Koblenz"]

1. e4 g6 2. d4 Bg7 3. c4 e5 4. d5 d6 5. Nc3 Nf6 6. f3 O-O 7. Be3 c6 8. Bd3 a6 9. Nge2 Nbd7 10. Qd2 Qe7 11. g4 h5 12. h3 cxd5 13. cxd5 b5 14. Ng3 b4 15. Na4 h4 16. Ne2 Nh7 17. Qxb4 Ng5 18. Kf2 f5 19. gxf5 gxf5 20. Bxg5 Qxg5 21. Rag1 Qh6 22. exf5 e4 23. Bxe4 Ne5 24. Nd4 Ra7 25. Ke2 a5 26. Qd2 Ba6+ 27. Kd1 Qxd2+ 28. Kxd2 Kh8 29. Ne6 Bh6+ 30. f4 Nc4+ 31. Ke1 Re8 32. Rg4 Rh7 33. Rxh4 Bb7 34. Rg1 Ne3 35. f6 Nxd5 36. f7 Rc8 37. f8=Q+ Rxf8 38. Nxf8 1-0

[Event "33.Schlosspark-Open"]
[Site "Wiesbaden-Biebrich"]
[Date "2024.08.25"]
[Round "6.7"]
[White "Eull, Emil"]
[Black "Pohle, Dirk"]
[Result "1/2-1/2"]
[WhiteElo "2151"]
[BlackElo "2108"]
[PlyCount "219"]
[EventDate "2024.08.22"]
[WhiteTeam "SF Neuberg"]
[BlackTeam "Langenfelder SF 1933"]

1. c4 Nc6 2. d4 e5 3. d5 Nce7 4. Nc3 Ng6 5. Qa4 Nf6 6. h4 h5 7. Bg5 Be7 8. Bxf6 Bxf6 9. g3 O-O 10. e4 Ne7 11. Bh3 d6 12. Qd1 g6 13. Bxc8 Qxc8 14. Nh3 Kg7 15. Kf1 Ng8 16. Kg2 Nh6 17. f3 Rh8 18. Qd2 Qd7 19. b4 Be7 20. Ng5 Ng8 21. a4 Qd8 22. a5 a6 23. Rhb1 Bxg5 24. Qxg5 f6 25. Qd2 g5 26. hxg5 fxg5 27. Nd1 Qf6 28. Ne3 Ne7 29. b5 Raf8 30. Rf1 Qg6 31. bxa6 bxa6 32. Qc2 g4 33. fxg4 hxg4 34. Rxf8 Rxf8 35. Rf1 Rxf1 36. Kxf1 c6 37. Ke2 Qh7 38. Kd3 Qh1 39. Qd1 Qxd1+ 40. Nxd1 Kf6 41. Ne3 cxd5 42. exd5 Nf5 43. Nxg4+ Ke7 44. Ne3 Nxg3 45. Nc2 Nf5 46. Kc3 Ng3 47. Kd3 Nf5 48. Nb4 Nd4 49. Kc3 Ne2+ 50. Kb2 e4 51. Nxa6 e3 52. Nb4 Nd4 53. Nd3 Kd7 54. Ne1 Kc7 55. Kc3 Nf5 56. Nc2 Kb7 57. Nb4 e2 58. Kd2 Nd4 59. Ke1 Kc7 60. Na6+ Kb7 61. Nb4 Kc7 62. Nd3 Kb7 63. Kf2 e1=Q+ 64. Kxe1 Nb3 65. Nb2 Nxa5 66. Kd2 Kb6 67. Na4+ Kc7 68. Kc3 Nb7 69. Kb4 Nd8 70. Nb2 Kb6 71. Nd3 Nb7 72. Nc1 Nc5 73. Nb3 Ne4 74. Ka3 Ka6 75. Kb2 Kb6 76. Kc2 Nf6 77. Kd3 Nd7 78. Kd4 Nf6 79. Nd2 Kc7 80. Ne4 Nd7 81. Ng5 Nf6 82. Nf7 Kd7 83. Ng5 Ke7 84. Ne4 Nd7 85. Ng3 Nf6 86. Kd3 Kd7 87. Kc3 Ng4 88. Kb4 Ne3 89. Ne4 Kc7 90. Nc3 Kb6 91. Ne4 Kc7 92. Kb5 Ng4 93. Ng5 Ne5 94. Ne6+ Kd7 95. Nd4 Nd3 96. Ne2 Nc5 97. Nc3 Nd3 98. Ka6 Nc5+ 99. Kb6 Nd3 100. Na4 Ne5 101. Kb7 Nf7 102. Nb6+ Ke7 103. Kc7 Kf6 104. Nc8 Ke5 105. Kd7 Kd4 106. Nxd6 Ne5+ 107. Ke6 Nd3 108. Nb7 Nf4+ 109. Kd6 Kxc4 110. Na5+ 1/2-1/2

[Event "33.Schlosspark-Open"]
[Site "Wiesbaden-Biebrich"]
[Date "2024.08.25"]
[Round "6.8"]
[White "Boidman, Yuri"]
[Black "Mann, Gergely"]
[Result "1-0"]
[WhiteElo "2253"]
[BlackElo "2062"]
[PlyCount "77"]
[EventDate "2024.08.22"]
[WhiteTeam "SC Heimbach-Weis/Neuwied e.V."]
[BlackTeam "SF Essen-Werden 1924/"]

1. e4 c6 2. c4 d5 3. exd5 cxd5 4. cxd5 Nf6 5. Qa4+ Nbd7 6. Nc3 g6 7. Nf3 Bg7 8. Bc4 a6 9. d3 Rb8 10. Qd1 b5 11. Bb3 Bb7 12. Bf4 Rc8 13. d6 Nc5 14. O-O O-O 15. dxe7 Qxe7 16. Re1 Qd7 17. Ne5 Qf5 18. Bg3 Nxb3 19. Qxb3 Nh5 20. d4 Nf4 21. Bxf4 Qxf4 22. Rad1 Rcd8 23. g3 Qf5 24. f4 Qh3 25. d5 Rfe8 26. a4 h5 27. axb5 h4 28. Ne4 Bxe5 29. fxe5 Kg7 30. Nd6 Re7 31. b6 Qg4 32. Re4 Qg5 33. Qe3 Qxe3+ 34. Rxe3 hxg3 35. hxg3 Kf8 36. Kf2 f6 37. Nxb7 Rxb7 38. e6 Ke7 39. d6+ 1-0

[Event "33.Schlosspark-Open"]
[Site "Wiesbaden-Biebrich"]
[Date "2024.08.25"]
[Round "6.9"]
[White "Minor, Samuel"]
[Black "Waffenschmidt, Joachim"]
[Result "0-1"]
[WhiteElo "2204"]
[BlackElo "2008"]
[PlyCount "108"]
[EventDate "2024.08.22"]
[WhiteTeam "Wiesbadener SV 1885"]
[BlackTeam "SV 1920 Hofheim"]

1. e4 c5 2. Nf3 d6 3. Bb5+ Bd7 4. c4 Nf6 5. Nc3 g6 6. d4 cxd4 7. Nxd4 Bg7 8. O-O O-O 9. Bxd7 Nfxd7 10. Be3 Nc6 11. Nxc6 bxc6 12. Rc1 Qa5 13. Qd2 Rfe8 14. b3 Nc5 15. f3 Ne6 16. Rfd1 Rac8 17. f4 Nc5 18. Bd4 e5 19. fxe5 dxe5 20. Bxc5 Qxc5+ 21. Qf2 Qxf2+ 22. Kxf2 Bh6 23. Rb1 Rcd8 24. Rxd8 Rxd8 25. Rd1 Rxd1 26. Nxd1 Kf8 27. Nb2 Ke7 28. Nd3 Ke6 29. b4 f5 30. Kf3 Bd2 31. a4 h5 32. b5 Bc3 33. Nc5+ Kd6 34. bxc6 Kxc6 35. Ne6 Bb4 36. g3 h4 37. gxh4 f4 38. Ng5 Be7 39. Kg4 Kc5 40. Nf3 Bf6 41. h5 gxh5+ 42. Kxh5 Kxc4 43. Kg6 Bh8 44. Kh7 Kd3 45. Kxh8 Kxe4 46. Nd2+ Kf5 47. Kg7 e4 48. h4 e3 49. Nb3 Kg4 50. Nd4 Kxh4 51. Kf6 Kg4 52. Ke5 f3 53. Ke4 f2 54. Nf5 e2 0-1

[Event "33.Schlosspark-Open"]
[Site "Wiesbaden-Biebrich"]
[Date "2024.08.25"]
[Round "6.11"]
[White "Ohler, Julius"]
[Black "Müller, Maximilian"]
[Result "1-0"]
[WhiteElo "2182"]
[BlackElo "1957"]
[PlyCount "87"]
[EventDate "2024.08.22"]
[WhiteTeam "SC Heimbach-Weis/Neuwied e.V."]
[BlackTeam "SC 1928 Eppelborn"]

1. d4 Nf6 2. c4 e6 3. Nf3 Bb4+ 4. Bd2 Bxd2+ 5. Qxd2 d5 6. Nc3 O-O 7. e3 Qe7 8. cxd5 exd5 9. Be2 c6 10. O-O Bg4 11. Rfc1 Nbd7 12. Ne1 Bxe2 13. Qxe2 Rae8 14. Rab1 Ne4 15. Nxe4 Qxe4 16. Qf3 f5 17. g3 Rc8 18. Qf4 Rf6 19. Rd1 c5 20. dxc5 Nxc5 21. Rbc1 Rfc6 22. Rd4 Qxf4 23. gxf4 Ne6 24. Rxc6 bxc6 25. Ra4 Rc7 26. Nf3 Nc5 27. Ra3 Kf8 28. Nd4 Rb7 29. b3 Ne4 30. Nxc6 Rc7 31. Nd4 Rc1+ 32. Kg2 Rd1 33. Rxa7 Rd2 34. Ne6+ Ke8 35. Nxg7+ Kf8 36. Nxf5 Nxf2 37. Kf3 h5 38. Nd4 Ng4 39. Ne6+ Ke8 40. f5 Nxh2+ 41. Kf4 Rf2+ 42. Ke5 Ng4+ 43. Kd6 Nxe3 44. Re7# 1-0

[Event "33.Schlosspark-Open"]
[Site "Wiesbaden-Biebrich"]
[Date "2024.08.25"]
[Round "6.12"]
[White "McAdam, Mark"]
[Black "Meier, Volker"]
[Result "0-1"]
[WhiteElo "1995"]
[BlackElo "2197"]
[PlyCount "104"]
[EventDate "2024.08.22"]
[WhiteTeam "SC Brett vorm Kopp Ffm"]
[BlackTeam "SK Tarrasch 1945 München"]

1. d4 d5 2. Nf3 Nf6 3. c4 c6 4. g3 g6 5. Bg2 Bg7 6. O-O O-O 7. Nc3 Ne4 8. Qb3 e6 9. Bf4 Nxc3 10. bxc3 b6 11. Rfe1 Ba6 12. cxd5 cxd5 13. e4 Bb7 14. Ne5 Nc6 15. Nxc6 Bxc6 16. Rad1 dxe4 17. Bxe4 Rc8 18. c4 Bxe4 19. Rxe4 Re8 20. Qd3 Qd7 21. d5 e5 22. Bc1 f5 23. Re2 e4 24. Qb3 h6 25. h4 Kh7 26. a4 Be5 27. a5 Bd6 28. axb6 axb6 29. Be3 f4 30. Bxf4 Bxf4 31. gxf4 Qg4+ 32. Kf1 Qxh4 33. Qg3 Qh1+ 34. Qg1 Qh5 35. Rd4 b5 36. Rexe4 Rxe4 37. Rxe4 Rxc4 38. Qg2 Qd1+ 39. Re1 Qd3+ 40. Kg1 Rxf4 41. d6 h5 42. Qb7+ Kh6 43. Re3 Rg4+ 44. Rg3 Rxg3+ 45. fxg3 Qxg3+ 46. Kh1 Qe1+ 47. Kh2 Qd2+ 48. Kh1 Qd1+ 49. Kg2 Qxd6 50. Qxb5 Qd2+ 51. Kh1 Qe1+ 52. Kh2 Qh4+ 0-1

[Event "33.Schlosspark-Open"]
[Site "Wiesbaden-Biebrich"]
[Date "2024.08.25"]
[Round "6.13"]
[White "Derr, Oleg"]
[Black "Nagel, Bernhard"]
[Result "0-1"]
[WhiteElo "1943"]
[BlackElo "2193"]
[PlyCount "106"]
[EventDate "2024.08.22"]
[WhiteTeam "VSG 1880 Offenbach"]
[BlackTeam "Kölner SK Dr. Lasker 186"]

1. e4 c6 2. Nc3 d5 3. Nf3 dxe4 4. Nxe4 Nf6 5. Qe2 Nxe4 6. Qxe4 Qd5 7. Qh4 Qe6+ 8. Be2 Qg4 9. Qg3 Qxg3 10. hxg3 Bf5 11. d3 Na6 12. a3 g6 13. Bh6 Bg4 14. d4 Nc7 15. Ng5 Bxe2 16. Kxe2 f6 17. Ne4 Kf7 18. Bxf8 Raxf8 19. c4 h5 20. Rad1 Rd8 21. Ke3 b6 22. Rd2 Rhe8 23. Rhd1 Rd7 24. b3 Red8 25. Rd3 e6 26. R3d2 Ke7 27. Rd3 Ne8 28. f3 Ng7 29. g4 hxg4 30. fxg4 f5 31. Nf2 Kf6 32. gxf5 exf5 33. Rf1 Ne6 34. Rfd1 g5 35. g3 Re7 36. Kf3 g4+ 37. Kg2 Red7 38. d5 cxd5 39. Rxd5 Rxd5 40. Rxd5 Rxd5 41. cxd5 Nd4 42. Nd3 Nxb3 43. Kf2 Nc5 44. Nb4 Ne4+ 45. Kg2 a5 46. Nc6 Nd6 47. Kf2 Nc4 48. a4 Nb2 49. Ke3 Nxa4 50. Kd4 Nc5 51. Nxa5 bxa5 52. Kxc5 Ke7 53. Kc6 Kd8 0-1

[Event "33.Schlosspark-Open"]
[Site "Wiesbaden-Biebrich"]
[Date "2024.08.25"]
[Round "6.14"]
[White "Khenkin, Igor"]
[Black "Milov, Leonid"]
[Result "1-0"]
[WhiteElo "2505"]
[BlackElo "2429"]
[PlyCount "79"]
[EventDate "2024.08.22"]
[WhiteTeam "Wiesbadener SV 1885"]
[BlackTeam "SC Noris-Tarrasch Nürnberg 1873"]

1. Nf3 d5 2. g3 Bg4 3. Bg2 c6 4. O-O Nd7 5. h3 Bh5 6. d4 e6 7. c4 Bd6 8. Qb3 Rb8 9. e4 dxe4 10. Ng5 Ngf6 11. Nc3 Bg6 12. Ngxe4 Nxe4 13. Nxe4 Bxe4 14. Bxe4 O-O 15. Be3 Qe7 16. Bg2 Rfe8 17. Rfd1 a6 18. Rac1 Nf6 19. Bf3 h6 20. Kg2 e5 21. dxe5 Bxe5 22. Re1 Qc7 23. Bb6 Qc8 24. Rcd1 h5 25. Rxe5 Rxe5 26. Rd8+ Qxd8 27. Bxd8 Rxd8 28. Qxb7 c5 29. Qxa6 Rd2 30. Qb7 Rc2 31. a4 Rxc4 32. a5 Rb4 33. Qc7 Re8 34. a6 Rxb2 35. Qa5 Nd7 36. a7 Nb6 37. Qxc5 Rd8 38. Qc7 Re8 39. Qb8 Kf8 40. Bc6 1-0

[Event "33.Schlosspark-Open"]
[Site "Wiesbaden-Biebrich"]
[Date "2024.08.25"]
[Round "6.15"]
[White "Müller, Riyanna"]
[Black "Akhmatovski, Maxim"]
[Result "1/2-1/2"]
[WhiteElo "1981"]
[BlackElo "2078"]
[PlyCount "95"]
[EventDate "2024.08.22"]
[WhiteTeam "SC Landskrone"]
[BlackTeam "SV Oberursel"]

1. e4 e6 2. d4 d5 3. Nd2 c5 4. Ngf3 cxd4 5. exd5 Qxd5 6. Bc4 Qd6 7. O-O Nf6 8. Nb3 Nc6 9. Nbxd4 Nxd4 10. Qxd4 Qxd4 11. Nxd4 Bc5 12. Rd1 Bd7 13. h3 Rc8 14. Bb3 O-O 15. Be3 e5 16. Nf3 Bxe3 17. fxe3 Rfe8 18. c3 h6 19. Rd2 Bc6 20. Bc2 Nd5 21. Kf2 Nb6 22. Bb3 a5 23. a3 g6 24. Rd6 Kg7 25. Rad1 a4 26. Ba2 Ra8 27. Ne1 Nc8 28. R6d2 Nb6 29. Nc2 Bb5 30. Nb4 e4 31. Nd5 Nxd5 32. Rxd5 Bc6 33. R5d4 Ra5 34. Bd5 Re5 35. Bxc6 bxc6 36. Rb4 Reb5 37. Rd2 Rxb4 38. axb4 Rf5+ 39. Kg1 c5 40. bxc5 Rxc5 41. Kf2 f5 42. Ke2 a3 43. bxa3 Rxc3 44. Ra2 Kf6 45. a4 Rc7 46. Kd2 Ke5 47. a5 Kd5 48. g4 1/2-1/2

[Event "33.Schlosspark-Open"]
[Site "Wiesbaden-Biebrich"]
[Date "2024.08.25"]
[Round "6.16"]
[White "Perske, Paul"]
[Black "von Auer, Ulrich"]
[Result "1/2-1/2"]
[WhiteElo "2110"]
[BlackElo "1996"]
[PlyCount "71"]
[EventDate "2024.08.22"]
[WhiteTeam "Sfr.Heidesheim"]
[BlackTeam "SV Oberursel"]

1. d4 Nf6 2. c4 e6 3. Nf3 c5 4. d5 exd5 5. cxd5 d6 6. Nc3 g6 7. Nd2 Nbd7 8. e4 Bg7 9. Be2 a6 10. a4 O-O 11. O-O Re8 12. f4 Rb8 13. Kh1 h5 14. Ra3 Nf8 15. h3 h4 16. a5 N6h7 17. Nc4 Bxc3 18. Rxc3 Rxe4 19. Bd3 Rd4 20. Qf3 Bf5 21. Bxf5 gxf5 22. Ne3 Qf6 23. Qh5 Kh8 24. Qxf5 Ng6 25. Qd7 Rxf4 26. Rxf4 Qxf4 27. Nf5 Qf1+ 28. Kh2 Nf4 29. Bxf4 Qxf4+ 30. Kh1 Ng5 31. Nxd6 Rg8 32. Qe7 Nxh3 33. Rxh3 Qc1+ 34. Kh2 Qf4+ 35. Kg1 Qc1+ 36. Kh2 1/2-1/2

[Event "33.Schlosspark-Open"]
[Site "Wiesbaden-Biebrich"]
[Date "2024.08.25"]
[Round "6.17"]
[White "Metzdorf, Matteo"]
[Black "Pradeep, Harshill"]
[Result "1-0"]
[WhiteElo "2098"]
[BlackElo "1905"]
[PlyCount "133"]
[EventDate "2024.08.22"]
[WhiteTeam "TSV Schott Mainz"]
[BlackTeam "SK Bickenbach"]

1. e4 b6 2. d4 Bb7 3. Bd3 e6 4. Qe2 d5 5. Nf3 Nf6 6. e5 Nfd7 7. Bg5 Be7 8. Bxe7 Qxe7 9. h4 c5 10. c3 Nc6 11. a3 c4 12. Bc2 b5 13. h5 h6 14. Nbd2 a5 15. Nh4 O-O-O 16. f4 b4 17. axb4 axb4 18. f5 Nf8 19. fxe6 fxe6 20. Qg4 b3 21. Bb1 Qg5 22. Qxg5 hxg5 23. Nhf3 g6 24. g4 gxh5 25. Nxg5 Rd7 26. gxh5 Rg7 27. Ndf3 Rh6 28. Kf2 Ne7 29. Ra5 Kc7 30. Rh2 Kb6 31. Ra4 Bc6 32. Ra1 Kb7 33. Ke3 Be8 34. Bg6 Nexg6 35. hxg6 Rxh2 36. Nxh2 Rxg6 37. Nhf3 Rg8 38. Rh1 Bg6 39. Rh6 Bf5 40. Nf7 Kc7 41. Nd6 Bd3 42. Ne8+ Kd8 43. Nf6 Rg6 44. Rh1 Rg2 45. Rh2 Rxh2 46. Nxh2 Nd7 47. Nhg4 Ke7 48. Nxd7 Kxd7 49. Kf4 Ke7 50. Kg5 Bf5 51. Ne3 Be4 52. Kh6 Bf3 53. Kg7 Be2 54. Ng2 Bg4 55. Nf4 Bf5 56. Ng6+ Ke8 57. Kf6 Bg4 58. Ne7 Kd8 59. Ng8 Ke8 60. Nh6 Bh3 61. Nf7 Bg4 62. Nd6+ Kd8 63. Nb7+ Kc7 64. Nc5 Kd8 65. Nxe6+ Kd7 66. Ng7 Bf3 67. e6+ 1-0

[Event "33.Schlosspark-Open"]
[Site "Wiesbaden-Biebrich"]
[Date "2024.08.25"]
[Round "6.18"]
[White "Dietze, Frank"]
[Black "Fleckenstein, Lukas"]
[Result "1-0"]
[WhiteElo "2090"]
[BlackElo "1968"]
[PlyCount "159"]
[EventDate "2024.08.22"]
[WhiteTeam "Wiesbadener SV 1885"]
[BlackTeam "SK Niederbrechen 1948"]

1. d4 d5 2. Nf3 Nf6 3. c4 c6 4. Nc3 dxc4 5. a4 Bf5 6. e3 e6 7. Bxc4 Bb4 8. O-O O-O 9. Qe2 Ne4 10. Na2 Ba5 11. b4 Bc7 12. Bd3 Nd7 13. Bb2 Nb6 14. Qc2 Nd6 15. e4 Bg6 16. a5 Nd7 17. Nc3 Rc8 18. Rfe1 Nb5 19. Nxb5 cxb5 20. Qd2 a6 21. e5 Nb8 22. Bxg6 hxg6 23. Rad1 Nc6 24. Ng5 Nxb4 25. Qf4 f6 26. Nxe6 fxe5 27. Qxf8+ Qxf8 28. Nxf8 Rxf8 29. dxe5 Nc6 30. e6 Bxa5 31. Re2 Re8 32. g4 Bb4 33. Rd7 Re7 34. f4 a5 35. f5 gxf5 36. gxf5 a4 37. Rg2 Bc5+ 38. Kf1 Rxd7 39. exd7 Kf8 40. Rxg7 b4 41. Rh7 a3 42. Bf6 b3 43. Rh3 Kf7 44. Bh8 b2 45. Rb3 b6 46. h4 Ke7 47. Bxb2 axb2 48. Rxb2 Kxd7 49. h5 Ke7 50. h6 Nd8 51. Rg2 Nf7 52. Rg6 Bd4 53. Ke2 Bf6 54. Kd1 Ne5 55. Rg8 Nf7 56. h7 Kd6 57. Re8 Kd7 58. Re6 Bd4 59. Kd2 Nd6 60. f6 Kxe6 61. h8=Q Bxf6 62. Qg8+ Kd7 63. Qd5 Kc7 64. Kd3 Bh4 65. Qf3 Be1 66. Kd4 Bb4 67. Kd5 Bc5 68. Qf8 Nc8 69. Qf4+ Nd6 70. Qg3 Kb7 71. Qg7+ Ka6 72. Kc6 Ka5 73. Qg4 Nf7 74. Qe4 Nd6 75. Qf4 Nc8 76. Qd2+ Ka4 77. Qa2+ Kb4 78. Qb2+ Ka4 79. Qb5+ Ka3 80. Qa6+ 1-0

[Event "33.Schlosspark-Open"]
[Site "Wiesbaden-Biebrich"]
[Date "2024.08.25"]
[Round "6.19"]
[White "Martin, Reiner"]
[Black "Reschke, Thomas"]
[Result "1/2-1/2"]
[WhiteElo "1974"]
[BlackElo "2086"]
[PlyCount "84"]
[EventDate "2024.08.22"]
[WhiteTeam "SC Bad Soden"]
[BlackTeam "SC Frankfurt-West"]

1. d4 g6 2. c4 Bg7 3. Nc3 d6 4. e4 Nd7 5. Be3 e5 6. d5 Ne7 7. g4 f5 8. gxf5 gxf5 9. Qh5+ Kf8 10. Nh3 Nf6 11. Qe2 fxe4 12. Ng5 Bg4 13. Qxg4 Nxg4 14. Ne6+ Kf7 15. Nxd8+ Raxd8 16. Bh3 Nf6 17. Be6+ Kf8 18. h4 h5 19. Bg5 Neg8 20. Nxe4 Re8 21. Ng3 Ne7 22. f3 Ng6 23. Nf5 Nf4 24. Bxf4 exf4 25. Rg1 Rh7 26. O-O-O Ng8 27. Nxg7 Rxg7 28. Rxg7 Kxg7 29. Rg1+ Kh7 30. Bxg8+ Rxg8 31. Rxg8 Kxg8 32. Kc2 Kf7 33. Kd3 Kf6 34. Ke4 a5 35. a4 Kg6 36. Kxf4 Kf6 37. Ke4 Kg6 38. f4 Kf6 39. f5 Kg7 40. Kf3 Kf7 41. Ke3 Ke7 42. Kd4 Kf6 1/2-1/2

[Event "33.Schlosspark-Open"]
[Site "Wiesbaden-Biebrich"]
[Date "2024.08.25"]
[Round "6.20"]
[White "Tremöhlen, Thomas"]
[Black "Jahnel, Günther"]
[Result "0-1"]
[WhiteElo "1958"]
[BlackElo "2166"]
[PlyCount "62"]
[EventDate "2024.08.22"]
[WhiteTeam "Sportgemeinschaft Kaarst 1912/35"]
[BlackTeam "FVS ASP Hoyerswerda"]

1. Nf3 g6 2. d4 Bg7 3. Nc3 d6 4. e4 Nf6 5. h3 O-O 6. Be3 c6 7. Qd2 b5 8. Bd3 Nbd7 9. O-O e5 10. Bh6 Re8 11. Bxg7 Kxg7 12. a3 a6 13. dxe5 dxe5 14. Rad1 Nh5 15. Ne2 Qc7 16. Nh4 Nc5 17. f4 exf4 18. Nxf4 Nxf4 19. Rxf4 Kg8 20. Rdf1 Be6 21. R4f3 Qe5 22. Qf2 Re7 23. Nf5 gxf5 24. exf5 Nxd3 25. cxd3 Bd5 26. Rg3+ Kh8 27. f6 Ree8 28. d4 Qe4 29. Qd2 Rg8 30. Rf4 Rxg3 31. Rxe4 Bxe4 0-1

[Event "33.Schlosspark-Open"]
[Site "Wiesbaden-Biebrich"]
[Date "2024.08.25"]
[Round "6.21"]
[White "Bremer, Vincent"]
[Black "Gundlach, Michael"]
[Result "1-0"]
[WhiteElo "1955"]
[BlackElo "2100"]
[PlyCount "50"]
[EventDate "2024.08.22"]
[WhiteTeam "TSG 1846 Bretzenheim/ZMO"]
[BlackTeam "Sfr.Mainz 1928"]

1. c4 e5 2. g3 Nf6 3. Bg2 c6 4. Nc3 d5 5. cxd5 cxd5 6. Qb3 Nc6 7. Nxd5 Nd4 8. Nxf6+ Qxf6 9. Qd1 Bf5 10. d3 Rc8 11. Kf1 Qa6 12. Be3 Nc2 13. Rc1 Nxe3+ 14. fxe3 Bc5 15. d4 exd4 16. exd4 Bb6 17. Rxc8+ Bxc8 18. Qc2 O-O 19. Nf3 Qxa2 20. Kf2 Qd5 21. e3 Bf5 22. Qd2 Ba5 23. b4 Rc8 24. Nh4 Qb3 25. Rc1 Bxb4 1-0

[Event "33.Schlosspark-Open"]
[Site "Wiesbaden-Biebrich"]
[Date "2024.08.25"]
[Round "6.22"]
[White "Mayer, Frank"]
[Black "Windelband, Jens"]
[Result "1-0"]
[WhiteElo "1954"]
[BlackElo "2074"]
[PlyCount "71"]
[EventDate "2024.08.22"]
[WhiteTeam "Wiesbadener SV 1885"]
[BlackTeam "SG Aufbau Elbe Magdeburg"]

1. e4 e6 2. d4 d5 3. Nc3 Nf6 4. e5 Nfd7 5. f4 c5 6. Nce2 cxd4 7. Nxd4 Nc6 8. Ngf3 Qb6 9. c3 Be7 10. b4 Nxd4 11. Nxd4 a5 12. b5 f6 13. Qg4 fxe5 14. fxe5 Nxe5 15. Qxg7 Nf7 16. Be2 Bf8 17. Qf6 Qd8 18. Qxd8+ Kxd8 19. O-O Ke7 20. Bh5 Nd6 21. Bg5+ Kd7 22. Nxe6 Kxe6 23. Bg4+ Nf5 24. Bxf5+ Kd6 25. Bf6 Bxf5 26. Bxh8 Be4 27. Bd4 Be7 28. a4 Rg8 29. Ra2 Ke6 30. Re1 Rc8 31. Re3 Bd6 32. Rae2 Rc4 33. Rxe4+ dxe4 34. Rxe4+ Kf7 35. Rg4 Kf8 36. Bg7+ 1-0